| 000 | 01054cab a2200253 4500 | ||
|---|---|---|---|
| 001 | X2924 | ||
| 008 | 090401t1995 xxu||||| |||| 00| 0 eng d | ||
| 035 | _a(Sirsi) u27248 | ||
| 041 | _aeng | ||
| 245 | _aBrentwood BC and Sharp | ||
| 260 | _c1995 | ||
| 350 | _a0 | ||
| 490 |
_aPlanning Appeal Decisions _v(1995) 10 PAD 812-85(4) |
||
| 520 | _aDecision letter 19 July 1995. Erection of fence 1.7m high - whether repair of original fence or replacement by new fence - enforcement notice - held to be new fence - appeal on ground (d) failed - no appeal on ground (a) but appeal on deemed application allowed subject to condition requiring planting of hedge of specified kind. | ||
| 650 | _aFENCING | ||
| 650 | _aGENERAL DEVELOPMENT ORDER 1988 | ||
| 650 | _aPLANNING AND COMPENSATION ACT 1991 | ||
| 650 | _aTOWN AND COUNTRY PLANNING ACT 1990 S174 | ||
| 650 | _aTOWN AND COUNTRY PLANNING ACT 1990 S176 | ||
| 650 | _aTOWN AND COUNTRY PLANNING ACT 1990 S177 | ||
| 690 | _aPLANNING LAW AND PRACTICE-CASE LAW | ||
| 942 | _n0 | ||
| 948 | _c04/03/1997 | ||
| 999 |
_c18341 _d18341 |
||